| 000 | 01116nam0a2200313 4500 | ||
|---|---|---|---|
| 001 | RU\NLR\ONL1\3561 | ||
| 005 | 20250613114205.0 | ||
| 035 | _a(NLR Aleph) 009632314 | ||
| 090 |
_a9501504 _c9501504 |
||
| 100 | _a20040628d1933 |||y0rusy50 ca | ||
| 101 | 0 | _achm | |
| 102 | _aRU | ||
| 105 | _ay ||||||||| | ||
| 200 | 1 |
_aИкшывэ туберкульоз ваштарэш кучэдалмашкэ _fД-р Курилович _g[Пер. Л. Васильев] |
|
| 210 |
_aЙошкар-Ола _cМаргосиздат _d1933 |
||
| 215 |
_a32 с. _d17 |
||
| 300 | _aБез тит. л. Описано по обл. | ||
| 541 | 1 |
_aНа борьбу с детским туберкулезом _zrus |
|
| 606 | 0 |
_aТуберкулез у детей _xПрофилактика _91807282 _3RU\NLR\auth\661108290 |
|
| 686 | 1 | _aР733.54 | |
| 700 | 1 |
_aКурилович _bЛ. Ф. _4070 |
|
| 801 | 0 |
_aRU _bNLR _c20040628 _gPSBO |
|
| 852 |
_aNLR _jМар.л./2-271 |
||
| 852 |
_aNLR _bОНЛ _jМар.л./2-1015 |
||
| 852 |
_aNLR _bОНЛ _jМар.л./2-271 |
||
| 942 | _cBOOK | ||
| 980 | _aNB | ||